| 000 | 00316nam a22001097a 4500 | ||
|---|---|---|---|
| 082 | _a020 | ||
| 100 |
_aSharma,Nandini _981956 |
||
| 245 | _a NTA UGC NET/JRF/SET Paper 2 Library And Information Science | ||
| 260 |
_aMeerut UP _bArihant Publication _c2023 |
||
| 650 |
_aLibrary of Information Science _981957 |
||
| 942 | _cBK | ||
| 999 |
_c66192 _d66192 |
||